The economic way of thinking / (Record no. 1507)

MARC details
000 -LEADER
fixed length control field 00527cam a2200181 4500
001 - CONTROL NUMBER
control field 1954
005 - DATE AND TIME OF LATEST TRANSACTION
control field 20181127164300.0
008 - FIXED-LENGTH DATA ELEMENTS--GENERAL INFORMATION
fixed length control field 860804s1987 ilua b 001 0 eng
010 ## - LIBRARY OF CONGRESS CONTROL NUMBER
LC control number 86020408
020 ## - INTERNATIONAL STANDARD BOOK NUMBER
International Standard Book Number 057419455X (pbk.)
100 1# - MAIN ENTRY--PERSONAL NAME
Personal name Heyne, Paul T.
245 14 - TITLE STATEMENT
Title The economic way of thinking /
Statement of responsibility, etc. Paul Heyne.
250 ## - EDITION STATEMENT
Edition statement 5th ed.
260 ## - PUBLICATION, DISTRIBUTION, ETC.
Place of publication, distribution, etc. Chicago :
Name of publisher, distributor, etc. Science Research Associates,
Date of publication, distribution, etc. c1987.
300 ## - PHYSICAL DESCRIPTION
Extent xii, 532 p. :
Other physical details ill. ;
Dimensions 24 cm.
504 ## - BIBLIOGRAPHY, ETC. NOTE
Bibliography, etc. note Includes bibliographical references and index.
650 #0 - SUBJECT ADDED ENTRY--TOPICAL TERM
Topical term or geographic name entry element Economics.
Holdings
Withdrawn status Lost status Source of classification or shelving scheme Damaged status Not for loan Collection code Home library Current library Shelving location Serial Enumeration / chronology Inventory number Total Checkouts Full call number Barcode Date last seen Date last checked out Price effective from Koha item type
    Dewey Decimal Classification     Main TEST RTC Library RTC Library Main opac 1139 1 330 HEY 30000547 29/03/2019 27/03/2019 27/11/2018 Main
Royal Thimphu College || All Right Reserved